Sports Quiz

Random Sports or NCAA Quiz

Big East Basketball Teams (Clickable) Quiz Stats

 Plays Quiz not verified by Sporcle

Score 0/15 Timer 01:00
0 Plays Today
% Correct
Georgetown Hoyas
94%
Syracuse Orange
94%
St. Johns Red Storm
93.5%
Connecticut Huskies
93.4%
Villanova Wildcats
93.1%
Louisville Cardinals
92.6%
Seton Hall Pirates
92%
Pittsburgh Panthers
91.8%
% Correct
Marquette Golden Eagles
90.9%
Rutgers Scarlet Knights
90.3%
Cincinnati Bearcats
90.3%
Providence Friars
90.3%
Notre Dame Fighting Irish
89.2%
Depaul Blue Demons
88.1%
South Florida Bulls
84.4%

You're not logged in!

Compare scores with friends on all Sporcle quizzes.
OR
Log In

Show Comments

Extras

Top Quizzes Today


Score Distribution

Your Account Isn't Verified!

In order to create a playlist on Sporcle, you need to verify the email address you used during registration. Go to your Sporcle Settings to finish the process.

Report this User

Report this user for behavior that violates our Community Guidelines.

Details: